banner koha

A era do ganso (Registro n. 330788)

MARC details
000 -LÍDER
fixed length control field 00732nab a2200229 4500
003 - CÓDIGO MARC DA AGÊNCIA CATALOGADORA
Campo de controle BR-BrBNA
005 - DATA E HORA DA ÚLTIMA ATUALIZAÇÃO
Campo de controle 20250401210918.0
008 - CAMPO DE TAMANHO FIXO
fixed length control field 250401b bl.||||| |||| 00| 0 por d
040 ## - FONTE DA CATALOGAÇÃO
Agência catalogadora BR-BrBNA
Idioma da catalogação por
072 ## - CATEGORIA AGRIS
Código AGRIS L01 ; Q60 ; J15 ; Q02 ; E70
Código do objeto 6300 ; 8967 ; 9705
100 ## - ENTRADA PRINCIPAL - NOME PESSOAL
Nome pessoal Araújo, Carla
245 ## - TÍTULO PRINCIPAL
Título principal A era do ganso
Subtítulo Agronegócios
500 ## - NOTA GERAL
Nota geral 2 illus.
942 ## - ADDED ENTRY ELEMENTS (KOHA)
Koha item type Analítica
650 ## - ASSUNTO - THESAGRO
Cabeçalho tópico ou nome geográfico GANSO
650 ## - ASSUNTO - THESAGRO
Cabeçalho tópico ou nome geográfico ESPÉCIE
650 ## - ASSUNTO - THESAGRO
Cabeçalho tópico ou nome geográfico PLUMA
650 ## - ASSUNTO - THESAGRO
Cabeçalho tópico ou nome geográfico CARNE
650 ## - ASSUNTO - THESAGRO
Cabeçalho tópico ou nome geográfico COMERCIALIZAÇÃO
773 0# - ENTRADA ANALÍTICA
Host Biblionumber 1706
Registro do item 346302
Imprenta São Paulo-SP Editora Três Ltda - E-mail: luizfsa@revistadinheiro.com.br 2004
Outro identificador 2024-6956
Título Dinheiro Rural (Brazil)
ISSN 1807-3700
Colação v. 3(20) p. 85; (Jun 2006)
Número de controle de registro BR2025000445

Nenhum exemplar disponível.

BINAGRI

Telefone: (61)3218-2567/2388/3357/2097 - binagri@agro.gov.br

Ministério da Agricultura e Pecuária , Esplanada dos Ministérios, Bloco D, Anexo B, Brasília/DF, CEP: 70.043-900